000
00331nam a22001457a 4500
008
230606b ||||| |||| 00| 0 eng d
020
_a
9780803644755
041
_a
eng
080
_2
14 EDITION
_a
610.73
082
_a
610.73DOE
100
_a
8
101
_a
INF
245
_a
NURSE'S POCKET GUIDE
_c
DOENGES.E.M
942
_2
udc
_c
BK
999
_c
59921
_d
59921